Исследование электромашинного усилителя поперечного поля на электронной модели; Известия Томского политехнического института [Известия ТПИ]; Т. 155 : Автоматика, телемеханика, измерительная и вычислительная техника
| Parent link: | Известия Томского политехнического института [Известия ТПИ]/ Томский политехнический институт (ТПИ).— , 1944-1976 Т. 155 : Автоматика, телемеханика, измерительная и вычислительная техника.— 1968.— [С. 82-86] |
|---|---|
| Yazar: | |
| Diğer Yazarlar: | |
| Özet: | Заглавие с титульного листа Электронная версия печатной публикации |
| Dil: | Rusça |
| Baskı/Yayın Bilgisi: |
1968
|
| Konular: | |
| Online Erişim: | Черно-белая версия для предварительного просмотра Цветная версия без потери качества |
| Materyal Türü: | Elektronik Kitap Bölümü |
| KOHA link: | https://koha.lib.tpu.ru/cgi-bin/koha/opac-detail.pl?biblionumber=208036 |
MARC
| LEADER | 00000nla2a2200000 4500 | ||
|---|---|---|---|
| 001 | 208036 | ||
| 005 | 20231031191348.0 | ||
| 035 | |a (RuTPU)RU\TPU\book\227067 | ||
| 035 | |a RU\TPU\book\227064 | ||
| 090 | |a 208036 | ||
| 100 | |a 20120131d1968 k y0rusy50 ca | ||
| 101 | 0 | |a rus | |
| 102 | |a RU | ||
| 135 | |a drnn ---uucaa | ||
| 181 | 0 | |a i | |
| 182 | 0 | |a b | |
| 200 | 1 | |a Исследование электромашинного усилителя поперечного поля на электронной модели |b Электронный ресурс |f В. П. Лагунов, В. М. Рикконен | |
| 203 | |a Текст |c электронный | ||
| 215 | |a 2 файла (367 Кб, 9 Мб) | ||
| 230 | |a Электронные текстовые данные (2 файла : 367 Кб, 9 Мб) | ||
| 300 | |a Заглавие с титульного листа | ||
| 300 | |a Электронная версия печатной публикации | ||
| 320 | |a [Библиогр.: с. 86 (2 назв.)] | ||
| 337 | |a Adobe Reader | ||
| 461 | 1 | |0 (RuTPU)RU\TPU\book\200995 |t Известия Томского политехнического института [Известия ТПИ] |f Томский политехнический институт (ТПИ) |d 1944-1976 | |
| 463 | 1 | |0 (RuTPU)RU\TPU\book\227028 |t Т. 155 : Автоматика, телемеханика, измерительная и вычислительная техника |v [С. 82-86] |d 1968 |p 138 с. | |
| 610 | 1 | |a электронный ресурс | |
| 610 | 1 | |a труды учёных ТПУ | |
| 700 | 1 | |a Лагунов |b В. П. | |
| 701 | 1 | |a Рикконен |b В. М. | |
| 801 | 1 | |a RU |b 63413507 |c 20090320 |g PSBO | |
| 801 | 2 | |a RU |b 63413507 |c 20120510 |g PSBO | |
| 856 | 4 | |u http://www.lib.tpu.ru/fulltext/v/Bulletin_TPU/1968/v155/17_bw.pdf |z Черно-белая версия для предварительного просмотра | |
| 856 | 4 | |u http://www.lib.tpu.ru/fulltext/v/Bulletin_TPU/1968/v155/17_full.pdf |z Цветная версия без потери качества | |
| 942 | |c CF | ||